[Event "Mittelfrank Regionalliga Nord-West 2223"]
[Site "Mittelfranken"]
[Date "2022.11.27"]
[Round "3.8"]
[White "Koppe, Connor"]
[Black "Lichtinger, Bernd"]
[Result "1-0"]
[WhiteElo "1898"]
[BlackElo "1798"]
[PlyCount "95"]
[EventDate "2022.10.09"]
[EventType "team-tourn"]
[EventRounds "9"]
[EventCountry "GER"]
[SourceTitle "EXT 2024"]
[Source "ChessBase"]
[SourceDate "2023.10.10"]
[SourceVersion "1"]
[SourceVersionDate "2023.10.10"]
[SourceQuality "1"]
[WhiteTeam "Hof PTSV"]
[BlackTeam "Marktleuthen"]
[WhiteTeamCountry "GER"]
[BlackTeamCountry "GER"]

1. e4 c5 2. Nf3 d6 3. d4 cxd4 4. Qxd4 Nc6 5. Bb5 Bd7 6. Bxc6 Bxc6 7. Nc3 e5 8. Qd3 Qc7 9. 0-0 Be7 10. Rd1 a6 11. Bg5 Rd8 12. Nd5 Bxd5 13. Qxd5 Nf6 14. Bxf6 Bxf6 15. c4 0-0 16. b4 Rc8 17. a3 Qxc4 18. Qxb7 Rc7 19. Qb6 Rfc8 20. Qxd6 Qxe4 21. Qxa6 h6 22. b5 Qc4 23. Rab1 e4 24. Nd2 Qe2 25. Nf1 Bh4 26. g3 Bg5 27. h4 Rc2 28. Qxc8+ Rxc8 29. Re1 Qg4 30. hxg5 hxg5 31. Ne3 Qf3 32. b6 f5 33. b7 Rb8 34. Rec1 f4 35. Rc8+ Kh7 36. Rxb8 fxe3 37. Rh8+ Kg6 38. Rb6+ Kf7 39. Rf8+ Kxf8 40. b8Q+ Kf7 41. Qc7+ Kg8 42. Rb8+ Kh7 43. Qc2 exf2+ 44. Qxf2 Qd1+ 45. Kg2 Qd5 46. Rf8 e3+ 47. Qf3 Qd2+ 48. Kh3 1-0

[Event "Regionalliga Nord-West 1718"]
[Site "Bayern"]
[Date "2017.10.22"]
[Round "1.8"]
[White "Lichtinger, Bernd"]
[Black "Basel, Matthias"]
[Result "0-1"]
[WhiteElo "1843"]
[BlackElo "1998"]
[PlyCount "136"]
[EventDate "2017.10.22"]
[EventType "team-tourn"]
[EventRounds "9"]
[EventCountry "GER"]
[SourceTitle "EXT 2022"]
[Source "ChessBase"]
[SourceDate "2021.10.06"]
[SourceVersion "1"]
[SourceVersionDate "2021.10.06"]
[SourceQuality "1"]
[WhiteTeam "Marktleuthen"]
[BlackTeam "Kitzingen SC"]
[WhiteTeamCountry "GER"]
[BlackTeamCountry "GER"]

1. e4 g6 2. d4 Bg7 3. Nf3 d6 4. Nc3 Nf6 5. h3 0-0 6. Be3 c6 7. Qd2 b5 8. Bd3 Qc7 9. a3 a6 10. Ne2 e5 11. c3 Nbd7 12. 0-0 d5 13. Nxe5 Nxe5 14. dxe5 Nxe4 15. Bxe4 dxe4 16. Ng3 Qxe5 17. Qc2 f5 18. Bd4 Qc7 19. Bxg7 Kxg7 20. c4 Qe5 21. cxb5 cxb5 22. Rac1 Be6 23. Qc7+ Qxc7 24. Rxc7+ Rf7 25. Rc6 Bc4 26. Rd1 Bd3 27. Nf1 a5 28. Ne3 Rd7 29. Rdc1 Rad8 30. g3 Rd6 31. Rc7+ R8d7 32. R1c5 a4 33. Rxd7+ Rxd7 34. Nd5 Bc4 35. Ne3 Be2 36. Nd5 Kf7 37. h4 Rb7 38. Nb4 Bc4 39. Nd5 Ke6 40. Ne3 Bb3 41. Rc6+ Kd7 42. Rc5 Kd6 43. Rc8 b4 44. axb4 Rxb4 45. Rc3 Be6 46. Rc2 h6 47. Kf1 g5 48. hxg5 hxg5 49. Ke1 Rd4 50. Rd2 Ke5 51. Rxd4 Kxd4 52. Kd2 f4 53. gxf4 gxf4 54. Ng2 Ke5 55. Kc3 e3 56. f3 Bd5 57. Ne1 Bb3 58. Nd3+ Kf5 59. Kd4 Bd1 60. Ne1 Be2 61. Kd5 Bd1 62. Kd4 Be2 63. Kd5 Ba6 64. Kd4 Bb7 65. Kd3 Kg5 66. Kd4 Kh4 67. Ke5 Kg3 68. Nd3 e2 0-1

[Event "Regionalliga NW 1516"]
[Site "Bayern"]
[Date "2016.01.17"]
[Round "5.8"]
[White "Reising, Bernhard"]
[Black "Lichtinger, Bernd"]
[Result "0-1"]
[WhiteElo "1766"]
[BlackElo "1883"]
[PlyCount "56"]
[EventDate "2015.10.11"]
[EventType "team-tourn"]
[EventRounds "9"]
[EventCountry "GER"]
[SourceTitle "EXT 2018"]
[Source "ChessBase"]
[SourceDate "2017.10.13"]
[SourceVersion "1"]
[SourceVersionDate "2017.10.13"]
[SourceQuality "1"]
[WhiteTeam "Moembris"]
[BlackTeam "Marktleuthen"]
[WhiteTeamCountry "GER"]
[BlackTeamCountry "GER"]

1. Nf3 c5 2. g3 d5 3. Bg2 Nc6 4. d3 Nf6 5. 0-0 e5 6. c3 Be7 7. Nbd2 0-0 8. Qc2 h6 9. e4 d4 10. a3 Be6 11. h3 Qd7 12. Kh2 Nh7 13. cxd4 Nxd4 14. Nxd4 cxd4 15. f4 f6 16. Nf3 Bd6 17. Nh4 Rac8 18. Qe2 Rfe8 19. f5 Bf7 20. Qg4 Ng5 21. Rf2 Rc7 22. Bxg5 hxg5 23. Nf3 Rec8 24. Rd1 Qe8 25. Nxg5 Bh5 26. Qh4 fxg5 27. Qxg5 Bxd1 28. f6 Qh5 0-1

[Event "Regionalliga NW 1011"]
[Site "Bayern"]
[Date "2010.11.14"]
[Round "3.7"]
[White "Lichtinger, Bernd"]
[Black "Doleschal, Johannes"]
[Result "1-0"]
[WhiteElo "1944"]
[BlackElo "1927"]
[PlyCount "120"]
[EventDate "2010.10.10"]
[EventType "team-tourn"]
[EventRounds "9"]
[EventCountry "GER"]
[SourceTitle "EXT 2012"]
[Source "ChessBase"]
[SourceDate "2011.11.24"]
[SourceVersion "1"]
[SourceVersionDate "2011.11.24"]
[SourceQuality "1"]
[WhiteTeam "Marktleuthen"]
[BlackTeam "Kirchenlaibach"]
[WhiteTeamCountry "GER"]
[BlackTeamCountry "GER"]

1. e4 e5 2. Nf3 Nc6 3. Bb5 a6 4. Ba4 Nf6 5. 0-0 Be7 6. Re1 b5 7. Bb3 0-0 8. a4 Bb7 9. c3 d6 10. d3 Na5 11. Bc2 c5 12. Nbd2 Qc7 13. Nf1 Rfe8 14. Ng3 g6 15. Bg5 Kh8 16. h4 h5 17. Rc1 Ng8 18. b4 Nc6 19. Bb3 Kg7 20. Bd5 Nd8 21. Ba2 Ne6 22. Be3 Rac8 23. a5 Qd8 24. Bxe6 fxe6 25. Ng5 Bxg5 26. Bxg5 Qd7 27. Qd2 Rc7 28. f3 cxb4 29. cxb4 Rec8 30. Qb2 Rxc1 31. Rxc1 Rxc1+ 32. Qxc1 Qc6 33. Qxc6 Bxc6 34. Kf2 Nf6 35. Bxf6+ Kxf6 36. Ke3 Ke7 37. Ne2 Bb7 38. g4 hxg4 39. fxg4 Kf6 40. Ng3 Kg7 41. Kf3 Bc6 42. g5 Kf7 43. Kg4 Kg7 44. h5 gxh5+ 45. Nxh5+ Kg6 46. Nf6 Bb7 47. Ne8 d5 48. Nf6 Bc6 49. Kh4 Bb7 50. Nd7 dxe4 51. Nxe5+ Kg7 52. dxe4 Bxe4 53. Kg4 Kf8 54. Kf4 Bb7 55. Nd7+ Ke7 56. Nc5 Bc8 57. Ke5 Kf7 58. Kd6 e5 59. Kxe5 Kg6 60. Kd6 Kxg5 1-0

[Event "Regionalliga NW 1011"]
[Site "Bayern"]
[Date "2010.10.24"]
[Round "2.8"]
[White "Lichtinger, Bernd"]
[Black "Wuest, Michael"]
[Result "1-0"]
[WhiteElo "1944"]
[BlackElo "1927"]
[PlyCount "97"]
[EventDate "2010.10.10"]
[EventType "team-tourn"]
[EventRounds "9"]
[EventCountry "GER"]
[SourceTitle "EXT 2012"]
[Source "ChessBase"]
[SourceDate "2011.11.24"]
[SourceVersion "1"]
[SourceVersionDate "2011.11.24"]
[SourceQuality "1"]
[WhiteTeam "Marktleuthen"]
[BlackTeam "Hof PTSV"]
[WhiteTeamCountry "GER"]
[BlackTeamCountry "GER"]

1. e4 e6 2. d4 d5 3. e5 c5 4. c3 Nc6 5. a3 Nge7 6. Nf3 Nf5 7. b4 cxd4 8. cxd4 Bd7 9. Be2 Be7 10. 0-0 0-0 11. Bb2 f6 12. b5 Na5 13. Nbd2 Rc8 14. a4 Qb6 15. Bd3 Nh6 16. exf6 Bxf6 17. Ba3 Rfe8 18. Bc5 Qc7 19. Rc1 b6 20. Ba3 Qf4 21. g3 Qg4 22. Ne5 Bxe5 23. dxe5 Rxc1 24. Bxc1 Rc8 25. Qxg4 Nxg4 26. Bb2 Be8 27. h3 Nh6 28. g4 Bg6 29. Bxg6 hxg6 30. Rc1 Rxc1+ 31. Bxc1 Nf7 32. Bb2 Kf8 33. f4 Ke8 34. Kf2 Kd7 35. Ke3 Nb7 36. Nb3 Nc5 37. Nxc5+ bxc5 38. Ba3 g5 39. Bxc5 gxf4+ 40. Kxf4 g5+ 41. Ke3 Nxe5 42. Bxa7 Kc7 43. Bc5 Kb7 44. Be7 Nf7 45. a5 Ne5 46. a6+ Kc8 47. Bxg5 Nc4+ 48. Kd4 Nd6 49. b6 1-0

[Event "Regionalliga NW 0910"]
[Site "Bayern"]
[Date "2010.03.21"]
[Round "8.6"]
[White "Ersoez, Can Hakki"]
[Black "Lichtinger, Bernd"]
[Result "1/2-1/2"]
[WhiteElo "1932"]
[BlackElo "1984"]
[PlyCount "70"]
[EventDate "2009.10.18"]
[EventType "team-tourn"]
[EventRounds "9"]
[EventCountry "GER"]
[SourceTitle "EXT 2011"]
[Source "ChessBase"]
[SourceDate "2010.11.26"]
[SourceVersion "1"]
[SourceVersionDate "2010.11.26"]
[SourceQuality "1"]
[WhiteTeam "Wuerzburg II"]
[BlackTeam "Marktleuthen"]
[WhiteTeamCountry "GER"]
[BlackTeamCountry "GER"]

1. e4 c5 2. Nf3 e6 3. Qe2 Nc6 4. c3 e5 5. g3 Nf6 6. Bg2 Be7 7. 0-0 0-0 8. d3 d6 9. a4 Ne8 10. Nfd2 f5 11. exf5 Bxf5 12. Nc4 Qd7 13. Ne3 Be6 14. Nd5 Bd8 15. Nd2 Nf6 16. Nxf6+ Bxf6 17. Ne4 Be7 18. Be3 b6 19. Ng5 Bxg5 20. Bxg5 Rae8 21. Rfe1 d5 22. Rad1 h6 23. Bc1 Kh7 24. Qc2 d4 25. Qe2 Kh8 26. Qe4 Rc8 27. f4 Bg4 28. fxe5 Bxd1 29. Rxd1 Qe6 30. Re1 Rcd8 31. Qh4 Qe7 32. Qh5 Qe8 33. Qh4 Qe7 34. Qh5 Qe8 35. Qh4 Qe7 1/2-1/2

[Event "Regionalliga NW 0809"]
[Site "Bayern"]
[Date "2009.02.01"]
[Round "6.7"]
[White "Scheidt, Joerg"]
[Black "Lichtinger, Bernd"]
[Result "0-1"]
[WhiteElo "1975"]
[BlackElo "1997"]
[PlyCount "50"]
[EventDate "2008.10.05"]
[EventType "team-tourn"]
[EventRounds "9"]
[EventCountry "GER"]
[SourceTitle "EXT 2020"]
[Source "ChessBase"]
[SourceDate "2019.10.17"]
[SourceVersion "1"]
[SourceVersionDate "2019.10.17"]
[SourceQuality "1"]
[WhiteTeam "Hof"]
[BlackTeam "Marktleuthen"]
[WhiteTeamCountry "GER"]
[BlackTeamCountry "GER"]

1. e4 c5 2. Nf3 d6 3. Bb5+ Nd7 4. c3 Ngf6 5. Qe2 a6 6. Ba4 b5 7. Bc2 g6 8. d4 Bg7 9. e5 dxe5 10. dxe5 Ng4 11. e6 fxe6 12. Qe4 Nxf2 13. Kxf2 Rb8 14. Bf4 e5 15. Nxe5 Nxe5 16. Bxe5 0-0+ 17. Kg3 Bf5 18. Bb3+ c4 19. Qd4 Bxe5+ 20. Qxe5 Qd3+ 21. Kh4 cxb3 22. axb3 Rb6 23. Qd4 Qe2 24. g4 Rd6 25. Qb4 Qf2+ 0-1

[Event "Landesliga Nord 0708"]
[Site "Bayern"]
[Date "2008.04.20"]
[Round "9.7"]
[White "Kern, Ludwig"]
[Black "Lichtinger, Bernd"]
[Result "1/2-1/2"]
[WhiteElo "1943"]
[BlackElo "2010"]
[PlyCount "35"]
[EventDate "2007.10.21"]
[EventType "team-tourn"]
[EventRounds "9"]
[EventCountry "GER"]
[SourceTitle "EXT 2009"]
[Source "ChessBase"]
[SourceDate "2008.11.26"]
[SourceVersion "1"]
[SourceVersionDate "2008.11.26"]
[SourceQuality "1"]
[WhiteTeam "Koetzting"]
[BlackTeam "Marktleuthen"]
[WhiteTeamCountry "GER"]
[BlackTeamCountry "GER"]

1. Nf3 c5 2. g3 Nc6 3. Bg2 Nf6 4. 0-0 g6 5. d3 Bg7 6. e4 d6 7. h3 0-0 8. Nc3 Bd7 9. Be3 e5 10. Qd2 Nh5 11. Nd5 Ne7 12. Bg5 f6 13. Nxe7+ Qxe7 14. Bh6 Rac8 15. Kh2 Be6 16. c4 Qd7 17. Ng1 b5 18. Bxg7 1/2-1/2

[Event "Landesliga Nord 0708"]
[Site "Bayern"]
[Date "2008.03.09"]
[Round "7.5"]
[White "Votruba, Pavel"]
[Black "Lichtinger, Bernd"]
[Result "0-1"]
[WhiteElo "2137"]
[BlackElo "2000"]
[PlyCount "156"]
[EventDate "2007.10.21"]
[EventType "team-tourn"]
[EventRounds "9"]
[EventCountry "GER"]
[SourceTitle "EXT 2009"]
[Source "ChessBase"]
[SourceDate "2008.11.26"]
[SourceVersion "1"]
[SourceVersionDate "2008.11.26"]
[SourceQuality "1"]
[WhiteTeam "Schwandorf"]
[BlackTeam "Marktleuthen"]
[WhiteTeamCountry "GER"]
[BlackTeamCountry "GER"]

1. Nf3 c5 2. c4 g6 3. e3 Bg7 4. d4 e6 5. Nc3 a6 6. Ne4 cxd4 7. Nd6+ Kf8 8. Nxc8 Qxc8 9. exd4 Bf6 10. Bf4 Kg7 11. Qd2 h6 12. Be2 Ne7 13. Rc1 g5 14. Be5 Bxe5 15. Nxe5 d6 16. Ng4 Ng6 17. Ne3 Qd8 18. 0-0 Qf6 19. d5 e5 20. Qb4 Rd8 21. Qxb7 Nd7 22. Qb3 Nc5 23. Qc2 Rab8 24. Rb1 a5 25. Bd3 Nf4 26. Nf5+ Kh8 27. Be4 Rb7 28. f3 Rdb8 29. g3 Nh5 30. Kg2 Ng7 31. Ne3 Nh5 32. Rf2 a4 33. Qc3 Rb4 34. Rh1 R4b7 35. Nf5 Ng7 36. Ne3 Nh5 37. Qc1 Rg8 38. Ng4 Qg7 39. Ne3 Qf6 40. Nf5 Ng7 41. Ne3 Nh5 42. Ng4 Qg7 43. h4 gxh4 44. Rxh4 Qg5 45. Qh1 Nxg3 46. Kxg3 Qf4+ 47. Kh3 f5 48. Bxf5 Qxf5 49. Rxh6+ Rh7 50. Rxh7+ Kxh7 51. Kg3+ Kg7 52. Qh6+ Kf7 53. Rh2 Rg7 54. Qh5+ Qxh5 55. Rxh5 Nd3 56. Rh2 e4 57. fxe4 Ne5 58. Rf2+ Ke7 59. Rf4 Nxc4 60. Kf2 Nxb2 61. Ke3 Rh7 62. Kd4 Rh3 63. e5 Rd3+ 64. Ke4 dxe5 65. Nxe5 Ra3 66. Nc6+ Kd6 67. Rf6+ Kc5 68. Nd4 Rh3 69. Rc6+ Kb4 70. d6 Rh4+ 71. Ke5 Rh5+ 72. Ke6 Rh6+ 73. Ke7 Nc4 74. a3+ Kc3 75. Nb5+ Kd3 76. Rc5 Nxd6 77. Nxd6 Rh7+ 78. Nf7 Rh4 0-1

[Event "Landesliga Nord 0607"]
[Site "Bayern"]
[Date "2006.10.29"]
[Round "2.6"]
[White "Weigert, Wilhelm"]
[Black "Lichtinger, Bernd"]
[Result "1/2-1/2"]
[WhiteElo "1991"]
[BlackElo "2025"]
[PlyCount "90"]
[EventDate "2006.10.15"]
[EventType "team"]
[EventRounds "9"]
[EventCountry "GER"]
[SourceTitle "EXT 2008"]
[Source "ChessBase"]
[SourceDate "2007.11.25"]
[SourceVersion "1"]
[SourceVersionDate "2007.11.25"]
[SourceQuality "1"]
[WhiteTeam "Kelheim"]
[BlackTeam "Marktleuthen"]
[WhiteTeamCountry "GER"]
[BlackTeamCountry "GER"]

1. c4 c5 2. Nc3 Nc6 3. g3 g6 4. Bg2 Bg7 5. Nf3 d6 6. 0-0 Nf6 7. d4 cxd4 8. Nxd4 Bd7 9. Bg5 h6 10. Bxf6 Bxf6 11. Nxc6 bxc6 12. Qd2 Bg7 13. Rfd1 0-0 14. Rac1 Rb8 15. b3 Kh7 16. e4 Bg4 17. f3 Be6 18. f4 f5 19. Kh1 Qe8 20. Qe3 fxe4 21. Qxe4 Bg4 22. Re1 e5 23. fxe5 Bf5 24. Qxc6 Qxc6 25. Bxc6 Bxe5 26. Bg2 Rbc8 27. Nd5 Rf7 28. Be4 Bxe4+ 29. Rxe4 Rf2 30. c5 Bb2 31. Re7+ Kh8 32. Rc4 dxc5 33. Rxa7 Bd4 34. Ne7 Re8 35. Nxg6+ Kg8 36. Re7 Ra8 37. a4 Rb8 38. b4 Bf6 39. Ree4 Rd8 40. Kg1 Rb2 41. Re1 Rdd2 42. bxc5 Rg2+ 43. Kh1 Rxh2+ 44. Kg1 Rbg2+ 45. Kf1 Rf2+ 1/2-1/2

[Event "Regionalliga NW 0506"]
[Site "Bayern"]
[Date "2005.11.27"]
[Round "3.7"]
[White "Bachmann, Wolfgang"]
[Black "Lichtinger, Bernd"]
[Result "0-1"]
[WhiteElo "1963"]
[BlackElo "1990"]
[PlyCount "80"]
[EventDate "2005.10.23"]
[EventType "team-tourn"]
[EventRounds "9"]
[EventCountry "GER"]
[SourceTitle "EXT 2007"]
[Source "ChessBase"]
[SourceDate "2006.11.23"]
[SourceVersion "1"]
[SourceVersionDate "2006.11.23"]
[SourceQuality "1"]

1. d4 Nf6 2. Nf3 c5 3. c3 b6 4. Bg5 Ne4 5. Bh4 Bb7 6. Nbd2 Nxd2 7. Qxd2 g6 8. d5 d6 9. e4 Bg7 10. Bd3 Nd7 11. 0-0-0 0-0 12. Bg5 Nf6 13. Bh6 Qd7 14. Bxg7 Kxg7 15. Qf4 Qa4 16. c4 b5 17. Nd2 bxc4 18. Bxc4 Ba6 19. Bb3 Qb4 20. Qf3 Rab8 21. Qc3 Qxc3+ 22. bxc3 Ng4 23. f3 Nf2 24. c4 Nxh1 25. Rxh1 Bc8 26. Nb1 Bd7 27. Nc3 Rb4 28. Kc2 Rfb8 29. Rb1 f5 30. Nb5 Bxb5 31. a3 Rxb3 32. cxb5 Rxb1 33. Kxb1 Rxb5+ 34. Kc2 a5 35. e5 a4 36. exd6 exd6 37. Kc3 Rb3+ 38. Kc4 Rxa3 39. Kb5 Rd3 40. Kxa4 Rxd5 0-1

[Event "Landesliga Nord 0405"]
[Site "Bayern"]
[Date "2004.10.24"]
[Round "1.8"]
[White "Lichtinger, Bernd"]
[Black "Mueller, Lutz"]
[Result "1-0"]
[WhiteElo "1966"]
[BlackElo "1967"]
[PlyCount "65"]
[EventDate "2004.10.24"]
[EventType "team-tourn"]
[EventRounds "9"]
[EventCountry "GER"]
[SourceTitle "EXT 2008"]
[Source "ChessBase"]
[SourceDate "2007.11.25"]
[SourceVersion "1"]
[SourceVersionDate "2007.11.25"]
[SourceQuality "1"]
[WhiteTeam "Marktleuthen"]
[BlackTeam "Koenigshofen"]
[WhiteTeamCountry "GER"]
[BlackTeamCountry "GER"]

1. e4 c5 2. Nf3 d6 3. d4 cxd4 4. Nxd4 Nf6 5. Nc3 g6 6. Be3 Bg7 7. f3 0-0 8. Bc4 Nc6 9. Qd2 a6 10. 0-0-0 Nxd4 11. Bxd4 b5 12. Bd5 Nxd5 13. Nxd5 Be6 14. h4 Bxd4 15. Qxd4 Rc8 16. h5 g5 17. h6 f6 18. g3 Kf7 19. f4 Rg8 20. Qd3 Kf8 21. Rd2 Qe8 22. Rf2 Bxd5 23. Qxd5 Rc5 24. Qd3 Qf7 25. b3 gxf4 26. gxf4 Rh5 27. Rhf1 Rg6 28. e5 dxe5 29. fxe5 Rxe5 30. Qd8+ Qe8 31. Qc7 Kg8 32. Rd2 Kf7 33. Qxe5 1-0

[Event "Regionalliga NW 0001"]
[Site "Bayern"]
[Date "2001.04.01"]
[Round "8"]
[White "Lechleitner, Walter"]
[Black "Lichtinger, Bernd"]
[Result "0-1"]
[WhiteElo "2020"]
[BlackElo "2005"]
[PlyCount "66"]
[EventDate "2000.10.15"]
[EventType "team-tourn"]
[EventRounds "9"]
[EventCountry "GER"]
[SourceTitle "EXT 2020"]
[Source "ChessBase"]
[SourceDate "2019.10.17"]
[SourceVersion "1"]
[SourceVersionDate "2019.10.17"]
[SourceQuality "1"]
[WhiteTeam "Kronach"]
[BlackTeam "Marktleuthen"]
[WhiteTeamCountry "GER"]
[BlackTeamCountry "GER"]

1. d4 Nf6 2. c4 c5 3. d5 e6 4. Nc3 exd5 5. cxd5 d6 6. e4 g6 7. Bd3 Bg7 8. Nge2 0-0 9. 0-0 Re8 10. f3 b6 11. Bb5 Bd7 12. Bc4 Bc8 13. Qd3 Nbd7 14. f4 a6 15. a4 Bb7 16. Bd2 Qe7 17. Ng3 Ng4 18. Qf3 Qh4 19. h3 Bd4+ 20. Kh1 Nde5 21. fxe5 Nxe5 22. Qf4 Qxf4 23. Bxf4 Nxc4 24. Rf3 Ne5 25. Rff1 Nc4 26. Nge2 Bg7 27. Rab1 a5 28. Bg5 Ba6 29. Rf4 h6 30. Bf6 Bxf6 31. Rxf6 Nd2 32. Rd1 Nxe4 33. Nxe4 Bxe2 0-1

[Event "Regionalliga NW 9900"]
[Site "Bayern"]
[Date "2000.??.??"]
[Round "7.4"]
[White "Wiener, Horst"]
[Black "Lichtinger, Bernd"]
[Result "1/2-1/2"]
[WhiteElo "2020"]
[BlackElo "2005"]
[PlyCount "30"]
[EventDate "1999.??.??"]
[EventType "team-tourn"]
[EventRounds "9"]
[EventCountry "GER"]
[SourceTitle "EXT 2020"]
[Source "ChessBase"]
[SourceDate "2019.10.17"]
[SourceVersion "1"]
[SourceVersionDate "2019.10.17"]
[SourceQuality "1"]
[WhiteTeam "Schweinfurt Fr"]
[BlackTeam "Marktleuthen"]
[WhiteTeamCountry "GER"]
[BlackTeamCountry "GER"]

1. c4 d6 2. Nc3 Nf6 3. g3 g6 4. Bg2 Bg7 5. Nf3 0-0 6. 0-0 c6 7. d4 Qc7 8. e4 e5 9. h3 Nbd7 10. Be3 Re8 11. Qc2 a6 12. a4 b6 13. b4 Bb7 14. Rfc1 exd4 15. Nxd4 c5 1/2-1/2